[Event "Moscow Youth U19 2019"]
[Site "Moscow"]
[Date "2019.11.26"]
[Round "9.10"]
[White "Petrusevich, Ivan"]
[Black "Kozhukhov, Alexandr"]
[Result "0-1"]
[WhiteElo "1561"]
[BlackElo "1627"]
[Annotator "NA RC"]
[PlyCount "96"]
[EventDate "2019.11.18"]
[EventType "swiss"]
[EventCountry "RUS"]
[SourceTitle "playchess.com"]
[Source "ChessBase"]
[SourceQuality "1"]
[TimeControl "5400+30"]

1. c4 {[%emt 0:00:00]} Nf6 {[%emt 0:02:30]} 2. Nc3 {[%emt 0:00:00]} e6 {[%emt 0:00:10]} 3. Nf3 {[%emt 0:00:00]} d5 {[%emt 0:00:23]} 4. e3 {[%emt 0:00:20]} c5 {[%emt 0:00:47]} 5. d4 {[%emt 0:02:13]} Nc6 {[%emt 0:01:10]} 6. Be2 {[%emt 0:02:41]} Be7 {[%emt 0:04:25]} 7. O-O {[%emt 0:00:09]} O-O {[%emt 0:00:11]} 8. b3 {[%emt 0:02:05]} b6 {[%emt 0:04:30]} 9. Bb2 {[%emt 0:00:09]} dxc4 {[%emt 0:02:34]} 10. Bxc4 {[%emt 0:13:54]} cxd4 {[%emt 0:04:21]} 11. Nxd4 {[%emt 0:01:41]} Nxd4 {[%emt 0:00:06]} 12. exd4 {[%emt 0:00:05]} Bb7 {[%emt 0:00:20]} 13. Qe2 {[%emt 0:07:20]} Nd5 {[%emt 0:04:39]} 14. Nxd5 {[%emt 0:08:59]} Bxd5 {[%emt 0:00:46]} 15. Bd3 {[%emt 0:00:56]} Bf6 {[%emt 0:01:43]} 16. Rad1 {[%emt 0:57:28]} Qd6 {[%emt 0:01:51]} 17. Kh1 {[%emt 0:00:00]} Rfd8 {[%emt 0:03:04]} 18. Be4 {[%emt 0:00:00]} Bxe4 {[%emt 0:00:54]} 19. Qxe4 {[%emt 0:00:00]} Qd5 {[%emt 0:00:09]} 20. f3 {[%emt 0:00:00]} g6 {[%emt 0:00:26]} 21. Rd3 {[%emt 0:00:00]} Rd7 {[%emt 0:05:59]} 22. Rc1 {[%emt 0:00:00]} Rad8 {[%emt 0:01:05]} 23. Rc4 {[%emt 0:00:00]} b5 {[%emt 0:00:23]} 24. Qxd5 {[%emt 0:00:00]} Rxd5 {[%emt 0:00:37]} 25. Rc2 {[%emt 0:00:00]} e5 {[%emt 0:05:39]} 26. Kg1 {[%emt 0:00:00]} exd4 {[%emt 0:01:06]} 27. Ba3 {[%emt 0:00:00]} Bg7 {[%emt 0:06:52]} 28. Kf1 {[%emt 0:00:00]} Bf8 {[%emt 0:02:41]} 29. Bxf8 {[%emt 0:01:30]} Kxf8 {[%emt 0:00:05]} 30. Re2 {[%emt 0:00:58]} b4 {[%emt 0:03:17]} 31. Ke1 {[%emt 0:01:58]} f5 {[%emt 0:04:03]} 32. f4 {[%emt 0:00:49]} Kf7 {[%emt 0:01:53]} 33. Re5 {[%emt 0:00:26]} Rxe5+ {[%emt 0:00:12]} 34. fxe5 {[%emt 0:00:01]} Ke6 {[%emt 0:00:11]} 35. Rd2 {[%emt 0:00:56]} Kxe5 {[%emt 0:00:12]} 36. Re2+ {[%emt 0:00:13]} Kf6 {[%emt 0:00:11]} 37. Rc2 {[%emt 0:00:08]} Rd6 {[%emt 0:04:52]} 38. Rc4 {[%emt 0:00:37]} a5 {[%emt 0:00:17]} 39. Rc5 {[%emt 0:00:39]} Re6+ {[%emt 0:00:05]} 40. Kd2 {[%emt 0:02:31]} Re5 {[%emt 0:00:06]} 41. Rc4 {[%emt 0:01:04]} Rd5 {[%emt 0:00:14]} 42. Kd3 {[%emt 0:00:16]} Ke5 {[%emt 0:00:09]} 43. Rc7 {[%emt 0:00:51]} h5 {[%emt 0:00:08]} 44. Rc6 {[%emt 0:00:10]} g5 {[%emt 0:00:36]} 45. Rg6 {[%emt 0:00:52]} Kf4 {[%emt 0:00:12]} 46. g3+ {[%emt 0:00:24]} Kg4 {[%emt 0:00:05]} 47. h3+ {[%emt 0:01:07]} Kxg3 {[%emt 0:00:30]} 48. Rxg5+ {[%emt 0:00:30]} Kh4 {[%emt 0:00:30]} 0-1